[Event "78th GEO-ch Women 1st League 2021"]
[Site "Tbilisi"]
[Date "2021.03.21"]
[Round "4.9"]
[White "Oniani, Tamar"]
[Black "Sordia, Marta"]
[Result "1-0"]
[WhiteElo "1604"]
[BlackElo "1226"]
[Annotator "NA"]
[PlyCount "117"]
[EventDate "2021.03.18"]
[EventType "swiss"]
[EventCountry "GEO"]
[SourceTitle "playchess.com"]
[Source "ChessBase"]
[SourceQuality "1"]
[TimeControl "5400+30"]

1. d4 {[%emt 0:16:46]} d5 {[%emt 0:00:00]} 2. c4 {[%emt 0:00:07]} e6 {[%emt 0:00:00]} 3. Nf3 {[%emt 0:00:35]} Nf6 {[%emt 0:00:00]} 4. g3 {[%emt 0:00:03]} Bb4+ {[%emt 0:02:30]} 5. Bd2 {[%emt 0:00:59]} Qe7 {[%emt 0:00:06]} 6. a3 {[%emt 0:00:33]} Bxd2+ {[%emt 0:00:05]} 7. Nbxd2 {[%emt 0:00:03]} O-O {[%emt 0:00:11]} 8. Bg2 {[%emt 0:00:12]} Rd8 {[%emt 0:00:57]} 9. Qc2 {[%emt 0:07:23]} Nc6 {[%emt 0:00:56]} 10. e3 {[%emt 0:04:42]} e5 {[%emt 0:07:53]} 11. dxe5 {[%emt 0:01:13]} Nxe5 {[%emt 0:00:28]} 12. O-O {[%emt 0:00:30]} dxc4 {[%emt 0:05:21]} 13. Nxe5 {[%emt 0:00:08]} Qxe5 {[%emt 0:00:07]} 14. Nxc4 {[%emt 0:00:03]} Qe7 {[%emt 0:01:11]} 15. Rfd1 {[%emt 0:00:51]} Rxd1+ {[%emt 0:05:18]} 16. Rxd1 {[%emt 0:00:05]} c6 {[%emt 0:00:12]} 17. h3 {[%emt 0:06:46]} Be6 {[%emt 0:02:10]} 18. Nd6 {[%emt 0:05:17]} h6 {[%emt 0:01:14]} 19. Ne4 {[%emt 0:10:25]} Nxe4 {[%emt 0:01:41]} 20. Qxe4 {[%emt 0:00:07]} Rd8 {[%emt 0:01:34]} 21. Rxd8+ {[%emt 0:09:10]} Qxd8 {[%emt 0:00:03]} 22. Qc2 {[%emt 0:00:03]} Qd7 {[%emt 0:00:42]} 23. Kh2 {[%emt 0:00:13]} Bd5 {[%emt 0:04:32]} 24. e4 {[%emt 0:00:18]} Be6 {[%emt 0:00:08]} 25. f4 {[%emt 0:00:03]} Qd4 {[%emt 0:00:28]} 26. Bf1 {[%emt 0:13:46]} c5 {[%emt 1:05:13]} 27. Bg2 {[%emt 0:23:09]} b6 {[%emt 0:00:30]} 28. f5 {[%emt 0:00:30]} Bc4 {[%emt 0:00:30]} 29. Qa4 {[%emt 0:00:30]} a6 {[%emt 0:00:30]} 30. b3 {[%emt 0:00:30]} Bb5 {[%emt 0:00:00]} 31. Qxd4 {[%emt 0:00:00]} cxd4 {[%emt 0:00:00]} 32. Kg1 {[%emt 0:00:00]} f6 {[%emt 0:00:00]} 33. Kf2 {[%emt 0:00:00]} Bd3 {[%emt 0:00:00]} 34. Ke1 {[%emt 0:00:32]} a5 {[%emt 0:00:00]} 35. Kd2 {[%emt 0:00:27]} Ba6 {[%emt 0:00:00]} 36. Bf3 {[%emt 0:00:19]} Bf1 {[%emt 0:00:00]} 37. h4 {[%emt 0:00:23]} d3 {[%emt 0:00:00]} 38. Bg4 {[%emt 0:00:04]} Kf7 {[%emt 0:00:00]} 39. Ke3 {[%emt 0:01:18]} Ke7 {[%emt 0:00:00]} 40. Kf2 {[%emt 0:00:06]} Be2 {[%emt 0:00:00]} 41. Bxe2 {[%emt 0:00:03]} dxe2 {[%emt 0:00:00]} 42. Kxe2 {[%emt 0:00:03]} Kd6 {[%emt 0:00:00]} 43. Kd3 {[%emt 0:01:00]} Kc5 {[%emt 0:00:00]} 44. Kc3 {[%emt 0:00:33]} h5 {[%emt 0:00:00]} 45. b4+ {[%emt 0:00:58]} axb4+ {[%emt 0:00:00]} 46. axb4+ {[%emt 0:00:02]} Kc6 {[%emt 0:00:00]} 47. Kc4 {[%emt 0:00:14]} b5+ {[%emt 0:00:00]} 48. Kd3 {[%emt 0:00:48]} Kc7 {[%emt 0:00:00]} 49. Ke3 {[%emt 0:00:32]} Kc6 {[%emt 0:00:00]} 50. Kf4 {[%emt 0:00:29]} Kd6 {[%emt 0:00:00]} 51. g4 {[%emt 0:00:20]} hxg4 {[%emt 0:00:00]} 52. Kxg4 {[%emt 0:00:02]} Ke5 {[%emt 0:00:00]} 53. Kh5 {[%emt 0:01:29]} Kxe4 {[%emt 0:00:00]} 54. Kg6 {[%emt 0:00:04]} Kf4 {[%emt 0:00:00]} 55. h5 {[%emt 0:00:11]} Kg4 {[%emt 0:00:00]} 56. Kxg7 {[%emt 0:00:05]} Kxh5 {[%emt 0:00:00]} 57. Kxf6 {[%emt 0:00:04]} Kh6 {[%emt 0:00:00]} 58. Ke7 {[%emt 0:00:03]} Kg7 {[%emt 0:00:00]} 59. f6+ {[%emt 0:00:03]} 1-0

[Event "78th GEO-ch Women 1st League 2021"]
[Site "Tbilisi"]
[Date "2021.03.21"]
[Round "4.10"]
[White "Antia, Sopia"]
[Black "Mamardashvili, Ana"]
[Result "1/2-1/2"]
[WhiteElo "1594"]
[BlackElo "1416"]
[Annotator "NA RC"]
[PlyCount "112"]
[EventDate "2021.03.18"]
[EventType "swiss"]
[EventCountry "GEO"]
[SourceTitle "playchess.com"]
[Source "ChessBase"]
[SourceQuality "1"]
[TimeControl "5400+30"]

1. e4 {[%emt 0:00:00]} e5 {[%emt 0:00:00]} 2. Nf3 {[%emt 0:00:00]} Nc6 {[%emt 0:00:05]} 3. Bc4 {[%emt 0:00:00]} Bc5 {[%emt 0:01:11]} 4. c3 {[%emt 0:00:00]} Nf6 {[%emt 0:02:19]} 5. d4 {[%emt 0:00:00]} exd4 {[%emt 0:01:18]} 6. cxd4 {[%emt 0:00:00]} Bb4+ {[%emt 0:00:33]} 7. Nc3 {[%emt 0:00:05]} O-O {[%emt 0:01:56]} 8. Bg5 {[%emt 0:06:26]} h6 {[%emt 0:04:54]} 9. Bxf6 {[%emt 0:01:35]} Qxf6 {[%emt 0:00:08]} 10. O-O {[%emt 0:00:11]} Bxc3 {[%emt 0:03:06]} 11. bxc3 {[%emt 0:00:35]} d6 {[%emt 0:01:34]} 12. Qb1 {[%emt 0:06:32]} Rb8 {[%emt 0:09:43]} 13. a4 {[%emt 0:06:58]} Bg4 {[%emt 0:06:30]} 14. Nd2 {[%emt 0:00:31]} Qf4 {[%emt 0:02:34]} 15. Nb3 {[%emt 0:07:48]} Rfe8 {[%emt 0:08:06]} 16. Re1 {[%emt 0:00:27]} Kh8 {[%emt 0:09:32]} 17. f3 {[%emt 0:05:15]} Bh5 {[%emt 0:10:48]} 18. Qc1 {[%emt 0:01:22]} Qf6 {[%emt 0:00:48]} 19. Qd2 {[%emt 0:04:40]} Bg6 {[%emt 0:04:36]} 20. Bb5 {[%emt 0:00:43]} a6 {[%emt 0:02:20]} 21. Bxc6 {[%emt 0:00:41]} bxc6 {[%emt 0:00:03]} 22. Na5 {[%emt 0:00:28]} c5 {[%emt 0:04:26]} 23. d5 {[%emt 0:02:39]} Rb6 {[%emt 0:00:20]} 24. Rac1 {[%emt 0:03:37]} Reb8 {[%emt 0:03:57]} 25. Qe2 {[%emt 0:05:27]} Rb2 {[%emt 0:01:16]} 26. Rc2 {[%emt 0:01:31]} Rb1 {[%emt 0:00:49]} 27. Rec1 {[%emt 0:03:38]} R8b2 {[%emt 0:01:30]} 28. Qd1 {[%emt 0:00:40]} Rxc1 {[%emt 0:02:01]} 29. Qxc1 {[%emt 0:00:11]} Rxc2 {[%emt 0:01:11]} 30. Qxc2 {[%emt 0:00:09]} Qf4 {[%emt 0:00:50]} 31. Nc4 {[%emt 0:02:43]} f5 {[%emt 0:00:47]} 32. Qd2 {[%emt 0:00:27]} Qh4 {[%emt 0:02:04]} 33. g3 {[%emt 0:08:56]} Qe7 {[%emt 0:03:20]} 34. Qe2 {[%emt 0:03:08]} fxe4 {[%emt 0:01:24]} 35. Nd2 {[%emt 0:00:06]} Qe5 {[%emt 0:02:36]} 36. Qxa6 {[%emt 0:03:30]} e3 {[%emt 0:02:27]} 37. Ne4 {[%emt 0:05:07]} Qxd5 {[%emt 0:01:29]} 38. Qe2 {[%emt 0:02:31]} Bxe4 {[%emt 0:01:29]} 39. fxe4 {[%emt 0:00:05]} Qxe4 {[%emt 0:00:16]} 40. a5 {[%emt 0:00:36]} d5 {[%emt 0:02:21]} 41. a6 {[%emt 0:02:34]} d4 {[%emt 0:00:25]} 42. cxd4 {[%emt 0:00:34]} cxd4 {[%emt 0:00:05]} 43. Qg2 {[%emt 0:00:35]} Qb1+ {[%emt 0:00:46]} 44. Qf1 {[%emt 0:00:15]} Qb8 {[%emt 0:00:47]} 45. Qf3 {[%emt 0:03:13]} c5 {[%emt 0:02:15]} 46. Qf7 {[%emt 0:02:00]} d3 {[%emt 0:01:01]} 47. a7 {[%emt 0:00:18]} Qa8 {[%emt 0:00:44]} 48. Qc7 {[%emt 0:00:59]} d2 {[%emt 0:00:40]} 49. Qb8+ {[%emt 0:00:44]} Kh7 {[%emt 0:00:04]} 50. Qxa8 {[%emt 0:00:29]} d1=Q+ {[%emt 0:00:04]} 51. Kg2 {[%emt 0:00:21]} Qe2+ {[%emt 0:00:03]} 52. Kh3 {[%emt 0:00:10]} Qh5+ {[%emt 0:00:09]} 53. Kg2 {[%emt 0:00:10]} Qe2+ {[%emt 0:00:13]} 54. Kh3 {[%emt 0:00:15]} Qh5+ {[%emt 0:00:33]} 55. Kg2 {[%emt 0:00:07]} Qe2+ {[%emt 0:00:34]} 56. Kh3 {[%emt 0:00:07]} Qh5+ {[%emt 0:03:00]} 1/2-1/2

[Event "78th GEO-ch Women 1st League 2021"]
[Site "Tbilisi"]
[Date "2021.03.21"]
[Round "4.11"]
[White "Mgeladze, Kesaria"]
[Black "Mkrtchyan, Aida"]
[Result "1-0"]
[WhiteElo "1380"]
[BlackElo "1156"]
[Annotator "NA"]
[PlyCount "45"]
[EventDate "2021.03.18"]
[EventType "swiss"]
[EventCountry "GEO"]
[SourceTitle "playchess.com"]
[Source "ChessBase"]
[SourceQuality "1"]
[TimeControl "5400+30"]

1. e4 {[%emt 0:00:00]} e6 {[%emt 0:00:00]} 2. d4 {[%emt 0:00:44]} d5 {[%emt 0:00:00]} 3. Nc3 {[%emt 0:00:36]} Nf6 {[%emt 0:01:22]} 4. Bg5 {[%emt 0:01:11]} h6 {[%emt 0:05:43]} 5. Bxf6 {[%emt 0:01:37]} gxf6 {[%emt 0:01:00]} 6. exd5 {[%emt 0:01:44]} exd5 {[%emt 0:00:51]} 7. Qf3 {[%emt 0:02:14]} c6 {[%emt 0:04:26]} 8. O-O-O {[%emt 0:01:44]} Rg8 {[%emt 0:06:09]} 9. Re1+ {[%emt 0:01:31]} Be6 {[%emt 0:02:51]} 10. Bd3 {[%emt 0:01:35]} Nd7 {[%emt 0:06:43]} 11. Qh5 {[%emt 0:03:08]} Qe7 {[%emt 0:04:50]} 12. f4 {[%emt 0:03:57]} Rxg2 {[%emt 0:10:45]} 13. f5 {[%emt 0:00:31]} O-O-O {[%emt 0:03:11]} 14. fxe6 {[%emt 0:00:49]} fxe6 {[%emt 0:00:37]} 15. Qh3 {[%emt 0:00:52]} Qg7 {[%emt 0:02:01]} 16. Qxe6 {[%emt 0:00:53]} Qg5+ {[%emt 0:01:09]} 17. Kb1 {[%emt 0:00:13]} Bb4 {[%emt 0:03:12]} 18. Nge2 {[%emt 0:02:34]} Rg8 {[%emt 0:03:13]} 19. Bf5 {[%emt 0:01:04]} Rg7 {[%emt 0:01:13]} 20. h4 {[%emt 0:00:34]} Qd2 {[%emt 0:06:19]} 21. Rd1 {[%emt 0:01:15]} Qxd1+ {[%emt 0:09:21]} 22. Rxd1 {[%emt 0:00:27]} Re7 {[%emt 0:00:58]} 23. Qxf6 {[%emt 0:00:09]} 1-0

[Event "78th GEO-ch Women 1st League 2021"]
[Site "Tbilisi"]
[Date "2021.03.22"]
[Round "5.1"]
[White "Lomaia, Diana"]
[Black "Vakhania, Alexandra"]
[Result "1-0"]
[WhiteElo "1946"]
[BlackElo "2134"]
[Annotator "TA"]
[PlyCount "123"]
[EventDate "2021.03.18"]
[EventType "swiss"]
[EventCountry "GEO"]
[SourceTitle "playchess.com"]
[Source "ChessBase"]
[SourceQuality "1"]

{[%evp 15,123,14,48,20,41,11,9,4,6,9,16,23,17,14,18,8,21,0,51,-20,-23,-25,0,-7,-3,0,0,-3,0,-100,-29,-62,-23,-31,-12,-8,-16,-17,-10,-41,0,-79,0,0,-19,-29,-27,-27,-7,-7,0,0,0,0,0,0,0,0,0,0,0,0,0,0,0,0,0,0,0,0,8,0,0,0,0,0,0,0,0,0,8,8,8,8,119,22,27,27,182,66,151,76,730,922,1231,1148,1171,1099,1026,990,842,842,6087,5383,3087,0,6079,0,29988,29989]} 1. d4 f5 2. c4 e6 3. Nf3 Nf6 4. g3 d5 5. Bg2 c6 6. O-O Bd6 7. b3 Qe7 8. Bb2 Nbd7 9. Qc1 {A90: Dutch Defence: Miscellaneous and Modern Stonewall (with ...Bd6).} Ne4 10. Ba3 O-O 11. e3 {[#] The position is equal.} b6 $146 ({Predecessor:} 11... Bxa3 12. Nxa3 a6 13. Nc2 c5 14. cxd5 exd5 15. dxc5 Ndxc5 16. Qd1 Nc3 17. Qd2 N5e4 {1-0 (46) Svarc,J-Barczi,V Ivanka pri Dunaji 1999}) 12. Rd1 Bb7 13. Bxd6 Qxd6 14. Qb2 a5 15. Na3 g5 16. Nc2 Ba6 ({Better is} 16... g4 $11 17. Ne5 Nxe5 18. dxe5 Qc7) 17. Bf1 (17. Ne5 $14) 17... f4 $11 18. exf4 gxf4 19. Nce1 fxg3 20. fxg3 Rf6 21. Rac1 Qf8 22. Be2 (22. Qe2 $11) 22... Qh6 (22... Re8 $17 23. Nh4 Qh6) 23. Ng2 Raf8 24. Rf1 R8f7 25. cxd5 Bxe2 26. Qxe2 exd5 {aiming for ...Rxf3!} 27. Rce1 Qh3 28. Qe3 (28. Nfh4 $11) 28... Qh5 (28... Qg4 $17 {[%cal Rf6f3]} 29. Ne5 Rxf1+ 30. Rxf1 Nxe5 31. dxe5 Rxf1+ 32. Kxf1 Kf7) 29. Nd2 Nxd2 30. Qxd2 Rxf1+ 31. Rxf1 Rxf1+ 32. Kxf1 Nf6 33. Qe2 Qf5+ ({Not} 33... Qxh2 $2 34. Qe6+ Kg7 35. Qe7+ Kg8 36. Qxf6 $18) 34. Nf4 Qe4 35. Qxe4 Nxe4 {[%mdl 4096] Endgame KN-KN} 36. Ne6 c5 37. dxc5 bxc5 38. Ke2 Kf7 39. Nf4 Nf6 40. Nd3 Nd7 41. Nf4 Nb6 42. Nd3 c4 43. bxc4 dxc4 44. Nf4 Kf6 45. Kd2 Na4 46. Kc2 Ke5 47. h3 Ke4 48. Ne6 h6 49. g4 c3 {[#]} (49... Kf3 $11) 50. g5 (50. Nd8 $1 $16) 50... hxg5 51. Nxg5+ Kd4 $2 (51... Kf4 $11 {and Black is okay.} 52. Nf7 Kg3) 52. Nf3+ (52. h4 $18) 52... Kc4 (52... Ke4 $14 53. h4 Kf5) 53. Ne5+ ({White should play} 53. a3) 53... Kd4 $2 {[%mdl 8192]} (53... Kd5 $16 54. Nf7 Nc5) 54. Nc6+ $18 Kc4 55. Nxa5+ Kb4 56. Nc6+ Kc4 57. h4 Nc5 58. h5 Nd3 59. Na5+ Kd4 60. Nc6+ (60. h6 $142 Ne5 {[#]} 61. Nc6+ $1 {[%mdl 576] Promotion} Nxc6 62. h7) 60... Kc4 61. Na5+ $2 (61. h6 $18 Ne1+ 62. Kc1 Nd3+ 63. Kd1) 61... Kb4 $2 {[%mdl 8192]} (61... Kd4 $11 62. Nc6+ Kc4) 62. Kxd3 {Weighted Error Value: White=0.40/Black=0.42} 1-0

[Event "78th GEO-ch Women 1st League 2021"]
[Site "Tbilisi"]
[Date "2021.03.22"]
[Round "5.2"]
[White "Gvetadze, Sofio"]
[Black "Pipia, Ekaterine"]
[Result "1-0"]
[WhiteElo "2317"]
[BlackElo "2019"]
[Annotator "TA"]
[PlyCount "87"]
[EventDate "2021.03.18"]
[EventType "swiss"]
[EventCountry "GEO"]
[SourceTitle "playchess.com"]
[Source "ChessBase"]
[SourceQuality "1"]

{[%evp 9,87,24,41,26,16,24,8,11,24,0,0,-19,-13,-27,-31,-32,-34,-34,-28,-32,-23,-30,0,-47,-47,-55,-53,-49,14,17,41,49,45,39,46,38,43,37,182,182,155,170,158,158,236,230,233,225,225,126,145,104,164,162,142,157,275,229,649,642,912,916,868,870,855,844,1057,1056,992,1006,2052,1390,1068,1068,1068,1060,1060,1060,1043,1009]} 1. Nf3 d5 2. g3 Nf6 3. Bg2 Bf5 4. O-O h6 5. c4 c6 6. Qb3 {A07: Réti Opening: New York and Capablanca Systems.} Qb6 7. Qxb6 axb6 8. cxd5 {The position is equal.} Nxd5 9. Nc3 Nxc3 10. bxc3 e6 {[#]} 11. d3 $146 ({Predecessor:} 11. c4 Ba3 12. d3 Bxc1 13. Rfxc1 Nd7 14. Nd4 Bg6 15. Rcb1 O-O 16. Rb2 Rfd8 17. Nc2 {1-0 (30) Stella,A (2447)-Rizzardi,F (2027) Fano 2013}) 11... Ba3 12. Bf4 Nd7 13. Rfb1 O-O 14. Nd2 Ra6 15. e4 Bh7 16. d4 Rfa8 17. Bf1 b5 18. c4 Bf8 (18... Ra4 $15) 19. cxb5 $11 Rxa2 20. Rxa2 Rxa2 21. bxc6 bxc6 22. h4 e5 {[#]} 23. Bc4 $1 Ra5 {[#]} ({Black should try} 23... Rc2 $14 24. Bb3 (24. dxe5 Nxe5 25. Bxe5 Rxd2 $16) 24... Rc3 25. Bxe5 (25. dxe5 Nc5 $14) 25... Rd3) 24. Rb7 $1 $18 {Strongly threatening dxe5.} exf4 (24... Bg6 25. Bxh6) 25. Rxd7 Bg6 26. gxf4 Ra1+ (26... Bb4 $16) 27. Kg2 Rc1 28. f5 Bh5 29. Ba6 (29. Rd8 $18) 29... Bb4 30. Nf1 Rc3 (30... Rc2 $16) 31. Ne3 Ra3 32. Bb7 c5 (32... Ra2 $16) 33. d5 {Hoping for d6.} Be2 $2 (33... Ra2) 34. d6 {White is clearly winning.} Bb5 35. Rd8+ Kh7 36. Bd5 Ra7 37. e5 Ba5 38. Rf8 Bc3 39. Bxf7 {[%csl Gf5][%cal Rf7g6]} Bc6+ 40. Kh3 {[%csl Gf5][%cal Rf7g6]} Rxf7 41. Rxf7 {e6 is the strong threat.} Bxe5 42. d7 Bc7 43. Rf8 Bxd7 44. Rf7 {Weighted Error Value: White=0.11/Black=0.39} 1-0

[Event "78th GEO-ch Women 1st League 2021"]
[Site "Tbilisi"]
[Date "2021.03.22"]
[Round "5.3"]
[White "Khurtsilava, Inga"]
[Black "Esadze, Tamari"]
[Result "1-0"]
[WhiteElo "2260"]
[BlackElo "1889"]
[Annotator "TA"]
[PlyCount "79"]
[EventDate "2021.03.18"]
[EventType "swiss"]
[EventCountry "GEO"]
[SourceTitle "playchess.com"]
[Source "ChessBase"]
[SourceQuality "1"]

{[%evp 10,79,36,28,27,20,25,28,39,36,36,48,39,40,63,34,106,41,46,0,198,211,213,218,214,221,214,212,210,198,197,140,244,247,509,483,760,758,722,530,514,518,510,489,625,480,464,469,476,472,466,461,443,444,735,718,757,721,765,744,1595,1028,29995,886,839,819,1029,1016,1010,989,11652,9659]} 1. d4 d5 2. Nf3 Nf6 3. e3 Bf5 4. c4 Nc6 5. Nc3 e6 6. a3 Be7 {D06: Queen's Gambit: Symmetrical and Baltic Defences.} 7. Be2 O-O 8. O-O a6 {White has an edge.} 9. b4 dxc4 10. Bxc4 Ne4 11. Bb2 {[#]} Bd6 $146 ({Predecessor:} 11... Bf6 12. Ne2 Bg4 13. Ng3 Nxg3 14. hxg3 e5 15. dxe5 Qxd1 16. Raxd1 Bxf3 17. Rd7 Bxe5 18. gxf3 Bxb2 19. Rxc7 {0-1 (76) Tomic,D (1974)-Lutovac,M (2204) Podgorica 2014}) 12. Bd3 Ng5 ({Black should play} 12... Nxc3 $14 13. Bxc3 Qd7) 13. Bxf5 (13. Ne1 $16) 13... exf5 $14 14. d5 Nb8 {White now steadily converts the win.} (14... Nxf3+ $11 {and Black stays safe.} 15. Qxf3 Ne7) 15. Nd4 $18 Qf6 16. f4 Ne4 17. Nxe4 fxe4 {[#]} 18. Rf2 $1 Qg6 19. g4 Nd7 20. h4 (20. Rg2 $18) 20... f6 (20... h5 $16 {was worth a try.}) 21. Rg2 Rfe8 $2 (21... Kh8 22. Ne6 Rg8) 22. g5 f5 (22... Qf7 $142 23. gxf6 Nxf6) 23. h5 Qf7 24. Ne6 Rxe6 25. dxe6 Qxe6 26. h6 Bf8 27. hxg7 Bxg7 28. Bxg7 Kxg7 29. Qd4+ Kg8 30. Rd1 Nf8 31. Qd5 Kf7 (31... Qxd5 $142 32. Rxd5 c6) 32. Qxb7 {[%mdl 64] [#] Double Attack} Re8 33. Qxc7+ Re7 34. Qc5 Ng6 35. Rh2 Qb3 36. Qd5+ (36. Qxf5+ $142 Kg7 37. Qf6+ {[%mdl 64] Double Attack} Kg8 38. Rd8+ Re8 39. Rxe8+ Nf8 40. Rxf8#) 36... Qxd5 {White is clearly winning.} 37. Rxd5 Ke6 38. Ra5 Nf8 39. Rxa6+ Kd5 40. Rc2 {[%csl Gb4][%cal Rc2c5] Weighted Error Value: White=0.24/Black=0.95} 1-0

[Event "78th GEO-ch Women 1st League 2021"]
[Site "Tbilisi"]
[Date "2021.03.22"]
[Round "5.4"]
[White "Kirtadze, Anastasia"]
[Black "Mikadze, Miranda"]
[Result "0-1"]
[WhiteElo "1810"]
[BlackElo "2269"]
[Annotator "TA"]
[PlyCount "156"]
[EventDate "2021.03.18"]
[EventType "swiss"]
[EventCountry "GEO"]
[SourceTitle "playchess.com"]
[Source "ChessBase"]
[SourceQuality "1"]

{[%evp 9,156,14,10,0,0,0,0,0,0,0,0,0,0,0,0,0,1,0,25,13,28,29,43,0,68,-16,-22,-13,-23,-32,-33,-29,0,-21,-8,-14,0,0,0,-39,-39,-41,-37,-41,-42,-37,-31,-124,-58,-55,0,-44,-29,-40,-23,-11,-31,-79,-70,-121,-98,-127,-89,-86,-95,-93,-92,-125,-125,-125,-125,-125,-125,-125,-107,-156,-55,-118,-118,-111,-55,-55,-55,-55,-55,-55,-55,-55,-55,-55,-55,-66,-55,-55,-55,-63,-55,-55,-55,-55,-55,-55,-55,-55,-55,-55,-55,-55,0,-55,-55,-55,-55,-55,-55,-55,-55,-55,-55,-55,-55,-55,-55,-83,-55,-83,-83,-66,-73,-90,-83,-143,-116,-233,-229,-226,-200,-29969,-186,-29984,-29983,-29988,-29984,-29990,-29991,-29991,-29992,-29993,-29994]} 1. Nf3 d5 2. e3 Nf6 3. c4 c6 4. Nc3 e6 5. b3 Bd6 6. Qc2 {A11: English Opening: 1...c6.} e5 7. cxd5 cxd5 8. Nb5 {The position is equal.} Nc6 9. Nxd6+ Qxd6 10. Bb5 O-O 11. Bxc6 bxc6 12. d4 exd4 13. Nxd4 {[#]} Bd7 $146 ({Predecessor:} 13... Ne4 14. O-O c5 15. Ne2 Ba6 16. Bb2 Rfe8 17. Rfe1 h6 18. Rad1 Rad8 19. Ba1 Bb7 {½-½ (34) Mudra,O (2251)-Pekin,T (2316) ICCF email 2017}) 14. O-O Rfe8 15. Bb2 Re5 16. Rfe1 Rg5 (16... Rh5 $1 $11 17. h3 Rh6) 17. f4 (17. Rac1 $14) 17... Rg6 $1 $11 18. Nf3 Ne4 19. Ne5 Rh6 20. Ba3 Qe6 21. Rad1 Be8 22. Rc1 Qf5 23. Qe2 a5 24. b4 axb4 25. Bxb4 Qc8 26. Ng4 Rg6 $40 {[%mdl 128] Black has some attack.} 27. Ne5 Re6 28. Nf3 ({Better is} 28. Nd3 $15) 28... Bd7 (28... c5 $17 29. Ng5 Nxg5 30. fxg5 Rc6) 29. Ne5 $15 Be8 (29... Qe8 $15) 30. Bc5 f6 31. Nd3 Qa6 32. f5 Nxc5 33. Rxc5 Re4 34. Nc1 (34. Nf2 $15 Re7 35. Qxa6 Rxa6 36. Rc2) 34... Qa3 35. Rc2 Bd7 36. Nb3 Bxf5 37. Rxc6 Qxa2 38. Qb5 Re5 39. Ra1 Qxa1+ 40. Nxa1 Rxa1+ 41. Kf2 Ra2+ ({Much weaker is} 41... Bd7 $6 42. Qb2 $1 $11) 42. Kf1 Bd7 (42... h5 $17 43. h4 Be4) 43. Qb8+ (43. Qb1 $15 Bxc6 44. Qxa2) 43... Re8 $17 44. Qb1 {[#]} Bxc6 (44... Rxg2 $1 $17 {[%mdl 512] Threatens to win with ...Bh3.} 45. Kxg2 Bxc6) 45. Qxa2 $15 Rxe3 $17 {[%mdl 4096] Endgame KQ-KRB} 46. Qa6 Be8 47. Kf2 Re5 48. Qd6 h5 49. Qd8 Kh7 50. h3 Bf7 51. Qd7 Be6 52. Qd6 Bf5 53. Qc5 h4 54. g4 hxg3+ 55. Kxg3 Be4 56. h4 Bg6 57. Qd4 Rf5 58. Kg4 Re5 {aiming for ...Re4+.} 59. Kg3 Bf5 60. Qf4 Kg6 61. Kf2 Be6 {And now ...Rf5! would win.} 62. Qg3+ Kh6 63. Qf4+ Kh7 {...Rf5! is the strong threat.} 64. Qd4 Re4 65. Qd3 Kh6 66. Qg3 Bf7 67. Kf3 Bh5+ 68. Kf2 d4 69. Qh3 Re2+ 70. Kf1 (70. Kg1 $142) 70... Re5 $1 71. Kf2 (71. Qg2 $17) 71... Bg6 $1 $19 72. Qd7 {[#]} d3 $1 {White must now prevent ...Re2+.} 73. Kf3 $2 (73. Qd8 $19) 73... Be4+ $2 (73... Re2 {mates} 74. Qd6 Bh5+ 75. Kf4 d2 76. Qd8 Rf2+ 77. Kg3 {[#]} d1=Q $1 {[%mdl 512]} 78. Qxd1 Bxd1 79. Kxf2 Kh5 80. Kf1 Kxh4 81. Kf2 f5 82. Kg2 f4 83. Kf2 Bh5 84. Kf1 Kg3 85. Ke1 f3 86. Kd2 f2 87. Ke3 f1=Q 88. Kd4 Bf7 89. Kc5 Qa6 90. Kd4 Qc4+ 91. Ke3 Qc3+ 92. Ke4 Qd2 93. Kf5 Qf4#) 74. Kf4 $2 {[#]} (74. Kg3 $19) 74... Rd5 $1 {Black mates.} 75. Qc8 {[#]} (75. Qg4 d2) 75... d2 $1 76. Kxe4 (76. Qg4 Bc2) 76... Re5+ 77. Kf4 d1=Q 78. Qh8+ Kg6 {Weighted Error Value: White=0.15/Black=0.14} 0-1

[Event "78th GEO-ch Women 1st League 2021"]
[Site "Tbilisi"]
[Date "2021.03.22"]
[Round "5.5"]
[White "Nikoladze, Sopio"]
[Black "Javakhishvili, Mariam"]
[Result "0-1"]
[WhiteElo "2132"]
[BlackElo "1671"]
[Annotator "RC"]
[PlyCount "64"]
[EventDate "2021.03.18"]
[EventType "swiss"]
[EventCountry "GEO"]
[SourceTitle "playchess.com"]
[Source "ChessBase"]
[SourceQuality "1"]
[TimeControl "5400+30"]

1. d4 {[%emt 0:00:00]} Nf6 {[%emt 0:03:13]} 2. Nf3 {[%emt 0:00:00]} g6 {[%emt 0:00:12]} 3. g3 {[%emt 0:00:01]} Bg7 {[%emt 0:00:07]} 4. Bg2 {[%emt 0:00:03]} O-O {[%emt 0:00:14]} 5. c4 {[%emt 0:00:08]} d6 {[%emt 0:00:07]} 6. Nc3 {[%emt 0:00:05]} Nbd7 {[%emt 0:00:23]} 7. O-O {[%emt 0:00:07]} e5 {[%emt 0:00:09]} 8. e4 {[%emt 0:02:03]} c6 {[%emt 0:00:09]} 9. h3 {[%emt 0:00:51]} Qb6 {[%emt 0:10:23]} 10. Re1 {[%emt 0:03:15]} exd4 {[%emt 0:03:59]} 11. Nxd4 {[%emt 0:00:19]} Ng4 {[%emt 0:00:22]} 12. hxg4 {[%emt 0:03:12]} Bxd4 {[%emt 0:00:10]} 13. Be3 {[%emt 0:01:42]} Bxe3 {[%emt 0:00:19]} 14. Rxe3 {[%emt 0:00:06]} Ne5 {[%emt 0:00:18]} 15. Na4 {[%emt 0:04:16]} Qc7 {[%emt 0:02:15]} 16. b3 {[%emt 0:00:54]} Bxg4 {[%emt 0:00:54]} 17. f3 {[%emt 0:00:07]} Be6 {[%emt 0:01:28]} 18. Qd4 {[%emt 0:03:15]} b6 {[%emt 0:31:31]} 19. Rd1 {[%emt 0:02:15]} Rad8 {[%emt 0:00:18]} 20. Nc3 {[%emt 0:01:03]} f6 {[%emt 0:11:25]} 21. Re2 {[%emt 0:00:45]} Bh3 {[%emt 0:00:52]} 22. Bh1 {[%emt 0:02:38]} Qg7 {[%emt 0:01:02]} 23. Qe3 {[%emt 0:01:11]} Rd7 {[%emt 0:00:53]} 24. Red2 {[%emt 0:01:40]} Rfd8 {[%emt 0:00:44]} 25. Ne2 {[%emt 0:01:16]} g5 {[%emt 0:00:29]} 26. Nd4 {[%emt 0:00:54]} c5 {[%emt 0:04:15]} 27. Nb5 {[%emt 0:02:11]} a6 {[%emt 0:01:15]} 28. Nxd6 {[%emt 0:01:11]} Qe7 {[%emt 0:00:17]} 29. Nb7 {[%emt 0:02:56]} Rxd2 {[%emt 0:00:56]} 30. Rxd2 {[%emt 0:03:10]} Rxd2 {[%emt 0:00:09]} 31. Qxd2 {[%emt 0:00:04]} Qxb7 {[%emt 0:00:10]} 32. f4 {[%emt 0:00:54]} Qd7 {[%emt 0:00:15]} 0-1